| 000 | 00639nam a22002052 4500 | ||
|---|---|---|---|
| 001 | 0000019582 | ||
| 005 | 20151217145918.0 | ||
| 008 | 110111s xx 000 0 eng d | ||
| 020 | _a0321562999 : | ||
| 040 |
_aKABU _cKABU |
||
| 245 | 1 | 4 |
_aThe C++ programming language / _cAnders Hejlsberg ...[et al.]. |
| 250 | _a3rd ed. | ||
| 260 |
_aUpper Saddle River, NJ. : _bAddison-Wesley, _c2008. |
||
| 300 | _axviii, 754 p. | ||
| 650 | 0 |
_aC# (Computer programming language) _@0000179349 |
|
| 700 | 1 |
_aHejlsberg, Anders. _@0000179350 |
|
| 852 | 1 | _9p4080 KES | |
| 908 | _a110111 | ||
| 950 | _@1 | ||
| 999 |
_c3978 _d3978 |
||